000 01332nam a22003257a 4500
005 2012103002262.0
008 121030t xxu||||| |||| 00| 0 eng d
010 _aENG-106139
020 _a9781259025891
_c795.00
020 _a1259025896
_c795.00
035 _aEN-89672
037 _bDBAD/PUB
040 _aDPL
_bEng
082 0 0 _a658.15028553
_223
100 1 _aOehler, Karsten,
_d1964-
_953399
245 1 0 _aIBM Cognos TM1 :
_bthe official guide /
_cby Karsten Oehler, Jochen Gruenes [and] Christopher Ilacqua
260 _aNew Delhi
_bTata McGraw-Hill
_cc2012
270 _a7 West Patel Nagar
_bNew Delhi
_e110008
300 _axxii,777p. :
_bill.
_c24cm(pbk)
500 _aIncludes index.
630 0 0 _aIBM Cognos TM1.
_953400
650 0 _aBusiness
_xComputer programs.
_953401
650 0 _aManagement
_xComputer programs.
_953402
650 0 _aBusiness planning
_xComputer programs.
_953403
700 1 _aGruenes, Jochen
_953404
700 1 _aIlacqua, Christopher
_953405
942 _2ddc
_cEN
_h658.15028553
_mOEH
999 _c71142
_d71142